| 000 | 01339cad a22002415a 4500 | ||
|---|---|---|---|
| 001 | E148905 | ||
| 008 | 091125s2009 xxk f 000 0 eng d | ||
| 035 | _a(Sirsi) u148905 | ||
| 041 | 0 | _aeng | |
| 050 | 0 | 4 | _a333.72 $2 18 |
| 100 | 1 | _aHartenberger, Ursula | |
| 245 | 0 | 0 |
_aRICS global climate change strategy _h[electronic resource] |
| 260 |
_aLondon _bRICS _c2009 |
||
| 505 | 2 | _aExecutive summary -- Message from RICS Chief Executive -- Climate change, why should RICS and its members be involved? -- RICS actions on climate change -- Global climate change policy context -- Climate change policy work across the world regions, an overview of past, current & future action -- Acknowledgements & references | |
| 520 | _aSets out, in the context of current global policy across the world regions, why the surveying profession needs to engage actively on climate change. It identifies the principles RICS will apply to focus its activity and sets out the key elements of a work plan for the next 12 months. | ||
| 521 | _aAdvanced | ||
| 590 | _aKA | ||
| 651 | 4 | _aInternational | |
| 690 | _aENVIRONMENTAL AND LAND CONSULTANCY-SUSTAINABILITY | ||
| 700 | 1 | _aCook, Daniel | |
| 856 | 4 | 0 |
_uhttps://www.rics.org/site/scripts/download_info.aspx?downloadID=4261&fileID=5075 _zView the strategy free of charge at www.rics.org... |
| 942 | _n0 | ||
| 999 |
_c110274 _d110274 |
||